00702nam a2200169 a 4500003000200000005001700002008004100019050003600060100003300096245008500129260009300214300004000307504004200347650004900389650004800438650004600486020250221151309.0111114s19uu xx 00 eng d aPGS LB 1585.3.E68 b.M843 2011  aMoreno, Kristienne Luisse R. aAge and environmental awareness of SISC students /cKristienne Luisse R. Moreno. aLas Piñas City, Philippines : bSouthville International School and Colleges, c2011. a30 pages :billustrations ;c28 cm. aIncludes bibliographical references.  aEnvironmental awarenessvStudy and teaching. aEnvironmental educationvStudent attitudes. aAge differencesvEnvironmental attitudes.